The fountain's magic : (Record no. 144918)

MARC details
000 -LEADER
fixed length control field 00510nam a22001697a 4500
010 ## - LCCN (DPL NO)
LC control number ENG-120706
020 ## - INTERNATIONAL STANDARD BOOK NUMBER
International Standard Book Number 9788184981018
Terms of availability 140.00
035 ## - SYSTEM CONTROL NUMBER
System control number EN-104238
037 ## - SOURCE OF ACQUISITION
Source of stock number/acquisition DBAD/PUB
082 ## - DEWEY DECIMAL CLASSIFICATION NUMBER
Classification number N
100 ## - MAIN ENTRY--PERSONAL NAME
Personal name Rahator, Marya
245 ## - TITLE STATEMENT
Title The fountain's magic :
Statement of responsibility, etc by Marya Rahator
Remainder of title magical metamorphosis of an indian woman /
260 ## - PUBLICATION, DISTRIBUTION, ETC. (IMPRINT)
Place of publication, distribution, etc Pune
Name of publisher, distributor, etc Mehta Publishing House
Date of publication, distribution, etc 2011
270 ## - ADDRESS
Address 1941 Sadashiv Peth, Madiwale Colony,
City Pune
Postal code 411030
300 ## - PHYSICAL DESCRIPTION
Extent 116p.
Other physical details 20cm(pbk).
942 ## - ADDED ENTRY ELEMENTS (KOHA)
Source of classification or shelving scheme Dewey Decimal Classification
Item type English Books
Classification part N
Call number suffix RAH
Holdings
Withdrawn status Lost status Not for loan Collection code Home library Current library Date acquired Source of acquisition Cost, normal purchase price Full call number Barcode Copy number Cost, replacement price Koha item type
    Not For Loan Fiction D.B.Act.Division Bawana 19/09/2017 DBAD/PUB 140.00 N RAH EN-104238 1 140.00 English Books

© Delhi Public Library
Hit Counter
free hit counter